| 000 | 00923nam a2200217Ii 4500 | ||
|---|---|---|---|
| 003 | JO-AjNU | ||
| 008 | 230605s9999||||xx |||||||||||||| ||und|| | ||
| 017 | _a1985/1625 | ||
| 040 |
_aJO-AjNU _bara _erda _cJO-AjNU |
||
| 041 | _aara | ||
| 050 | 1 | 4 | _aGV436.M83 1985 |
| 100 | 3 |
_aحسانين، محمد صبحي, _eauthor _938301 |
|
| 245 | 0 | 0 | _aنموذج الكفاية البدنية = Physical Proficiency model: اللياقة البدنية ، اللياقة الحركية، اللياقة الحركية، القدرة الحركية، الأداء البدني |
| 250 | _aط1 | ||
| 264 | 3 | 1 | _aالقاهرة: دار الفكر العربي، 1985 |
| 300 |
_a333ص _bيشتمل على جداول من ص( 305-333) |
||
| 336 |
_atext _btxt _2rdacontent |
||
| 337 |
_aunmediated _bn _2rdamedia |
||
| 338 |
_avolume _bnc _2rdacarrier |
||
| 650 | 4 |
_aاللياقة البدنية -التربية البدنية _938302 |
|
| 999 |
_aA16080 _c19648 _d19648 |
||